Manual do Advogado Iniciante

Detalles Bibliográficos
Autor principal: Dourado, Sabrina
Otros Autores: Sapucaia, Isadora, Brandô, Cristiano
Formato: eBook
Lenguaje:portugués
Publicado: San Pablo: JH Mizuno, 2019
Materias:
Acceso en línea:Acceso restringido

MARC

LEADER 00000nam a22000007a 4500
005 20190723233433.0
007 cr|||| ||||
008 190723s2019 br |||||s|||| 00||0 por d
020 |a 978-85-7789-435-2 
035 |a 23851 
040 |a vLex 
090 |c 9056  |d 9056 
100 1 |a Dourado, Sabrina 
245 1 0 |a Manual do Advogado Iniciante  |h [Recurso electrn̤ico] /  |c Sabrina Dourado, Isadora Sapucaia, Cristiano Brandô 
256 |a Servicio en ln̕ea 
260 |a San Pablo:  |b JH Mizuno,  |c 2019 
300 |a 1 recurso electrn̤ico 
500 |a "O presente livro tem por escopo apresentar ao jovem advogado ferramentas indispensv̀eis para o inc̕io da sua jornada. O livro aborda, de forma simples e assertiva, temas como: Empreendedorismo Jurd̕ico, Marketing Jurd̕ico, bem como dicas infalv̕eis para a captaȯ̂ de clientes. Ademais, a obra oferece dicas de atendimento ao cliente, propondo-se a ofertar ao leitor modelos de fichas de atendimento. Dentre outros temas relevantes, abordamos o tema da precificaȯ̂ de honorr̀ios, bem como peticionamento e construȯ̂ de defesa cv̕el. Desejamos ao nosso leitor uma excelente leitura e uma brilhante advocacia!" 
506 1 |a Disponible solo en los productos indicados  |d vLex Global  |d vLex Global (Academic Edition, excluding Law Schools)  |d vLex Global (U.S. Academic Edition, Law Schools)  |d vLex Global (U.S. Academic Edition, excluding Law Schools)  |d vLex Global (Academic Edition, Law Schools) 
650 0 4 |a Abogados  |z Brasil 
700 1 |a Sapucaia, Isadora 
700 1 |a Brandô, Cristiano 
740 0 |a vLex Libros (Servicio en ln̕ea) 
856 4 0 |u http://vlex.com/source/manual-do-advogado-iniciante-23851  |z Acceso restringido 
942 |c BOOK 
999 0 |a Lawyers